| 000 -LEADER |
| fixed length control field |
01849cam a2200409 i 4500 |
| 001 - CONTROL NUMBER |
| control field |
17724921 |
| 003 - CONTROL NUMBER IDENTIFIER |
| control field |
NUST |
| 005 - DATE AND TIME OF LATEST TRANSACTION |
| control field |
20221227151349.0 |
| 007 - PHYSICAL DESCRIPTION FIXED FIELD--GENERAL INFORMATION |
| fixed length control field |
ta |
| 008 - FIXED-LENGTH DATA ELEMENTS--GENERAL INFORMATION |
| fixed length control field |
130121s2013 ii b 001 0 eng d |
| 010 ## - LIBRARY OF CONGRESS CONTROL NUMBER |
| LC control number |
2013316898 |
| 016 7# - NATIONAL BIBLIOGRAPHIC AGENCY CONTROL NUMBER |
| Record control number |
016281801 |
| Source |
Uk |
| 020 ## - INTERNATIONAL STANDARD BOOK NUMBER |
| International Standard Book Number |
9788182746756 |
| 020 ## - INTERNATIONAL STANDARD BOOK NUMBER |
| International Standard Book Number |
8182746752 |
| 025 ## - OVERSEAS ACQUISITION NUMBER |
| Overseas acquisition number |
I-E-2013-316898; 62-90; 63-90 |
| 035 ## - SYSTEM CONTROL NUMBER |
| System control number |
(OCoLC)ocn827491043 |
| 035 ## - SYSTEM CONTROL NUMBER |
| System control number |
(OCoLC)827491043 |
| 037 ## - SOURCE OF ACQUISITION |
| Stock number |
Library of Congress -- New Delhi Overseas Office |
| 040 ## - CATALOGING SOURCE |
| Original cataloging agency |
DKAGE |
| Language of cataloging |
eng |
| Transcribing agency |
DKAGE |
| Modifying agency |
OCLCO |
| -- |
UKMGB |
| -- |
DLC |
| Description conventions |
rda |
| 042 ## - AUTHENTICATION CODE |
| Authentication code |
lccopycat |
| -- |
lcode |
| 043 ## - GEOGRAPHIC AREA CODE |
| Geographic area code |
a-ii--- |
| 050 00 - LIBRARY OF CONGRESS CALL NUMBER |
| Classification number |
U241 |
| Item number |
.N36 2013 |
| 082 04 - DEWEY DECIMAL CLASSIFICATION NUMBER |
| Classification number |
355.02180954,NAN |
| Edition number |
23 |
| 100 1# - MAIN ENTRY--PERSONAL NAME |
| Personal name |
Nanavatty, Rostum K., |
| Relator term |
author. |
| 9 (RLIN) |
106089 |
| 245 10 - TITLE STATEMENT |
| Title |
Internal armed conflict in India : |
| Remainder of title |
forging a joint civil-military approach / |
| Statement of responsibility, etc. |
Rostum K. Nanavatty. |
| 264 #1 - PRODUCTION, PUBLICATION, DISTRIBUTION, MANUFACTURE, AND COPYRIGHT NOTICE |
| Place of production, publication, distribution, manufacture |
New Delhi : |
| Name of producer, publisher, distributor, manufacturer |
Pentagon Press, |
| Date of production, publication, distribution, manufacture, or copyright notice |
2013. |
| 300 ## - PHYSICAL DESCRIPTION |
| Extent |
xviii, 246 pages ; |
| Dimensions |
24 cm |
| 336 ## - CONTENT TYPE |
| Content type term |
text |
| Source |
rdacontent |
| 337 ## - MEDIA TYPE |
| Media type term |
unmediated |
| Source |
rdamedia |
| 338 ## - CARRIER TYPE |
| Carrier type term |
volume |
| Source |
rdacarrier |
| 505 ## - FORMATTED CONTENTS NOTE |
| Formatted contents note |
Internal Armed Conflict in General (Page-5), Internal Armed Conflict in India (Page-34), The Constitution and Domestic Law (Page-60), Civil Instruments of Force (Page-75), The Army (Page-87), Characteristics of the State's Response (Page-130), Fundamental Principles Revisited (Page-156), Restructuring and Reorganizing Security Forces (Page-166), Applying the Fundamental: Creating the Conditions for Success (Page-185), Coordinating Machinery: Structure and Organisation for Management of Internal Armed Conflict (Page-200). |
| 650 #0 - SUBJECT ADDED ENTRY--TOPICAL TERM |
| Topical term or geographic name entry element |
Insurgency |
| Geographic subdivision |
India. |
| 9 (RLIN) |
48758 |
| 650 #0 - SUBJECT ADDED ENTRY--TOPICAL TERM |
| Topical term or geographic name entry element |
Counterinsurgency |
| Geographic subdivision |
India. |
| 9 (RLIN) |
106090 |
| 650 #0 - SUBJECT ADDED ENTRY--TOPICAL TERM |
| Topical term or geographic name entry element |
Civil-military relations |
| Geographic subdivision |
India. |
| 9 (RLIN) |
106091 |
| 710 2# - ADDED ENTRY--CORPORATE NAME |
| Corporate name or jurisdiction name as entry element |
Centre for Land Warfare Studies (New Delhi, India) |
| 9 (RLIN) |
3886 |
| 942 ## - ADDED ENTRY ELEMENTS (KOHA) |
| Source of classification or shelving scheme |
|
| Koha item type |
Book |
| Call number prefix |
355.0210954,NAN |